De la ansiedad al método en las ciencias del comportamiento
Сохранить в:
| Главный автор: | |
|---|---|
| Формат: | Текст |
| Опубликовано: |
Mexico D.F.:
Siglo Veintiuno Editores
|
| Предметы: | |
| Метки: |
Добавить метку
Нет меток, Требуется 1-ая метка записи!
|
MARC
| LEADER | 00000 a a2200000 04500 | ||
|---|---|---|---|
| 001 | 33162 | ||
| 003 | |||
| 040 | |||
| 020 | |a 968-23-0791-0 | ||
| 090 | |a 206700 | ||
| 100 | |a Devereux, George | ||
| 245 | |a De la ansiedad al método en las ciencias del comportamiento | ||
| 260 | |a Mexico D.F.: |b Siglo Veintiuno Editores | ||
| 300 | |a 410 p. | ||
| 650 | |a INVESTIGACION | ||
| 650 | |a CIENCIAS SOCIALES | ||
| 650 | |a CIENCIAS NATURALES | ||
| 650 | |a ANGUSTIA | ||
| 650 | |a METODOS DE INVESTIGACION | ||
| 650 | |a PSICOANALISIS | ||
| 650 | |a ETNOLOGIA | ||
| 650 | |a ANTROPOLOGIA | ||
| 650 | |a PSICOLOGIA | ||
| 650 | |a PSIQUIATRIA | ||
| 999 | |c 11094 |d 11094 | ||



